Aves de corral

Guardado en:
Formato: Libro
Publicado: México : Trillas, 1983
Series:Manuales para educación agropecuaria
Materias:
Etiquetas: Agregar Etiqueta
Sin Etiquetas, Sea el primero en etiquetar este registro!
LEADER 01822nam a22002415a 4500
001 CEM.cems015646
005 20111013104904.0
008 130507s1983##################000#0#####d
003 CEMS
020 |a 968241122x 
082 0 4 |a 636.5 
245 0 0 |a Aves de corral 
260 |a México :  |b Trillas,  |c 1983 
300 |a 112 p. 
490 0 |a Manuales para educación agropecuaria 
505 0 |a El animal -- Capa -- Fenotipo -- Anatomía general -- Aparato reproductor -- Razas -- Aves productoras de huevo -- Aves productoras de carne -- Aves productoras de huevo y carne -- Características de otras aves -- Alojamiento y depósitos -- Selección del terreno -- Ubicación de la nave -- Construcción de la nave -- Sistemas de confinamiento -- Hoyo de desperdicios e incinerador -- Almacén -- Depósito de huevo -- Equipos -- Criadoras -- Jaulas para ponedoras -- Comederos -- Bebederos -- Nidales -- Carros auxiliares -- Equipos de recolección de huevo -- Incubadoras -- Alimentación -- Nutrientes -- Necesidades nutricionales -- Composición de alimentos -- Preparación de raciones -- Consumo de alimento -- Manejo de polluelos -- Trabajos preparativos -- Cría de pollitos -- Recría de pollitos -- Cría de otras aves -- Registros -- Aplicación de vacunas -- Manejo de aves adultas -- Manejo de ponedoras -- Manejo de pollos de engorda -- Manejo de otras aves -- Manejo de producción -- Huevo -- Carne -- Plumas -- Gallinaza -- Enfermedades -- Pullorosis -- Cólera aviar -- Enfermedades del complejo leucoso -- Peste aviar -- Bronquitis infecciosa -- Viruela aviar -- Coccidiosis 
653 |a Aves-alojamiento 
653 |a Aves-alimentación 
653 |a Aves-enfermedades 
653 |a Aves 
653 |a Aves-razas 
653 |a Aves de corral 
859 |a CEMS  |b BIB. CEMS - Agricultura  |h 636.5  |i Av38  |p A16015.90  |t Ej.1